L'Obra normativa de la Generalitat de Catalunya : El Pla Tarradellas El Pla Tarradellas
Descripción Física:
103 p. : a dues columnes ; 24 cm
Colección:
Comissariat de Propaganda ; 63
MARC
| LEADER | 00000nam a2200000Ia 4500 | ||
|---|---|---|---|
| 001 | 1067 | ||
| 008 | 160829s1937 xx 000 0 cat d | ||
| 080 | |a M-3-235 | ||
| 110 | 1 | |a Catalunya. |b Generalitat |9 12125 | |
| 245 | |a L'Obra normativa de la Generalitat de Catalunya : |b El Pla Tarradellas | ||
| 260 | |a Barcelona : |b Comissariat de Propaganda de la Generalitat de Catalunya, |c 1937 | ||
| 300 | |a 103 p. : |b a dues columnes ; |c 24 cm | ||
| 490 | |a Comissariat de Propaganda ; 63 | ||
| 650 | 0 | |a Finances públiques |z Catalunya |9 54043 |x Història | |
| 651 | 0 | |a Catalunya |x Política econòmica |9 55202 | |
| 901 | |a Arxiu | ||
| 942 | |n 1 |2 udc | ||
| 952 | |0 0 |1 0 |4 0 |6 M3235 |7 1 |9 45707 |a Arxiu |b Arxiu |d 2016-12-01 |l 0 |o M-3-235 |p 1067 |r 2016-12-01 00:00:00 |w 2016-12-01 |y ARXIU | ||
| 999 | |c 49207 |d 49207 | ||